Brainrot Quiz - Statistics

General Stats
  • This quiz has been taken 114 times
  • The average score is 12 of 15
Answer Stats
Hint Answer % Correct
Only in "____" Ohio
97%
Slang word that originates from the word "Charisma." Rizz
95%
Someone that is on a higher level than everyone else. Sigma
91%
Imagine if "_____" got a low taper fade. Ninja
90%
The form of your tongue on top of your mouth then closing your mouth and suck in. Mewing
89%
Someone who is on a lower level than everyone else. Beta
88%
Level ten "_____" Gyatt
88%
Who is our sunshine? Lebron
86%
Skibidi dop dop, ___ ___ Yes yes
85%
Drake vs. ________ Kendrick
80%
What is massive? Low taper fade
77%
Most famous party of 2024. TikTok Rizz Party
74%
When you look better than someone. Mogging
68%
Famous for his "What's up brothers." Sketch
61%
Always to steps ahead Nikocado Avocado
48%
No matching quizzes found
Score Distribution
Percent of People with Each Score
Percentile by Number Answered
Your Score History
You have not taken this quiz